Statistiche per Nomi Maschili italiani più diffusi con la A

Clicka qui per fare il quiz!

Statistiche generali

  • Questo quiz è stato fatto 1.536 volte
    (1.528 dall'ultimo reset)
  • Il punteggio medio è 9 su 23

Statistiche sulle risposte

# PersoneNome% Corretto
284.006Alessandro
91%
305.722Andrea
87%
1.273.129Antonio
85%
28.664Alessio
84%
253.548Alberto
70%
555.253Angelo
53%
110.530Armando
44%
201.903Aldo
40%
120.570Alfredo
33%
20.178Antonello
31%
34.758Amedeo
30%
25.284Achille
29%
65.428Attilio
29%
102.105Adriano
28%
40.075Arturo
27%
59.519Augusto
26%
79.865Agostino
25%
26.807Adolfo
23%
45.046Alfio
22%
21.931Ambrogio
21%
36.400Aurelio
21%
29.781Arnaldo
14%
20.811Alvaro
11%

Distribuzione punteggi

Percentile per numero di risposta

Percentuale di utenti per punteggio

I tuoi punteggi nel tempo

Non hai fatto questo quiz dall'ultimo reset